000 00837nam a2200205 i 4500
001 43930
003 ES-MaACL
005 20230906160919.0
007 t|
008 030320s1915 sp |||| | spa d
100 1 _aCavestany, Genaro.
_937191
245 1 3 _aEl Centenario de Magallanes en Sanlúcar de Barrameda
_b: para conmemorar los gloriosos hechos del descubrimiento del Estrecho de Magallanes ... /
_cpor Genaro Cavestany.
260 _aSanlúcar de Barrameda :
_b[s.n.],
_c1915.
300 _a114 p. ;
_c20 cm.
530 _aDisponible en formato digital.
600 1 4 _aMagallanes, Fernando de (
_dm. 1521)
_9143242
651 4 _aMagallanes (Estrecho)-
_xDescubrimientos y exploraciones.
_9136066
852 _aES-MaACL
_jT-1462-F-5
856 _uhttp://bdh-rd.bne.es/viewer.vm?id=0000250479&page=1
_zBiblioteca Digital Hispánica
999 _c43930
_d43930